000 00430nam a22001457a 4500
003 OSt
005 20260324123359.0
008 211117b ||||| |||| 00| 0 eng d
040 _cAIMIT LIBRARY
100 _aCelestine, Lilly Annie; Prabhu, S Aravinda.
_d191817
_910543
245 _aAcademic Management System /
260 _aLinways Technology, Kochi
_bS Aravinda Prabhu.
_c2021
856 _uURL:Linways.com
942 _2ddc
_cPRO
999 _c220646
_d220646